Tormenta - Subze - Estadísticas

Estadísticas generales
  • Esta prueba ha sido intentada 34 veces
  • La puntuación promedio es 303 de 500
Estadísticas de respuestas
Letra % Correcto
a
100%
de
88%
el
88%
El
88%
la
88%
La
88%
tormenta
88%
al
75%
Al
75%
destino
75%
dI
75%
di
75%
es
75%
esta
75%
está
75%
ha
75%
Le
75%
le
75%
o
75%
pa'
75%
pero
75%
Pero
75%
que
75%
qué
75%
Que
75%
75%
soy
75%
vuelta
75%
Y
75%
y
75%
yo
75%
Acabé
63%
aguantarlo
63%
algo
63%
algunas
63%
aparto
63%
bien
63%
calle
63%
camino
63%
cárcel
63%
cobardes
63%
¿Cómo
63%
como
63%
con
63%
contestaba
63%
contra
63%
coraza
63%
Cuando
63%
daño
63%
decían
63%
devuelve
63%
Dios
63%
doler
63%
ella
63%
En
63%
en
63%
enseñó
63%
entre
63%
eran
63%
ese
63%
estaba
63%
fe
63%
haciendo
63%
hasta
63%
Hasta
63%
he
63%
hecho
63%
infeliz
63%
las
63%
llantos
63%
lo
63%
lograrlo
63%
mal
63%
Me
63%
me
63%
menos
63%
mi
63%
63%
mis
63%
Mis
63%
mismo
63%
momento
63%
nada
63%
nadando
63%
nadie
63%
ni
63%
no
63%
No
63%
noches
63%
obstáculo
63%
odio
63%
otro
63%
otros
63%
perdí
63%
persona
63%
personas
63%
piedras
63%
ponen
63%
por
63%
Por
63%
preciso
63%
pues
63%
Querían
63%
quiero
63%
reflejo
63%
rezaba
63%
rindiera
63%
si
63%
Si
63%
siento
63%
sirva
63%
tan
63%
tantas
63%
tanto?
63%
tanto
63%
te
63%
tenía
63%
ti
63%
tienes
63%
63%
tu
63%
un
63%
Un
63%
una
63%
Unos
63%
veces
63%
vida
63%
viento
63%
viven
63%
volví
63%
voy
63%
vuelve
63%
Ya
63%
ya
63%
acostarme
50%
ajustar
50%
alma
50%
alza
50%
arriba
50%
así
50%
aun
50%
ayer
50%
balas
50%
cariño
50%
cotizando
50%
Cuántas
50%
cuentas
50%
del
50%
destroza
50%
dicen
50%
dormir
50%
duro
50%
endeble
50%
eres
50%
escudo
50%
espada
50%
espejo
50%
esperanza
50%
están
50%
Estoy
50%
fabricó
50%
faltaba
50%
golpe
50%
hace
50%
han
50%
karma
50%
largo
50%
levanto
50%
llegan
50%
luz
50%
mañana
50%
Más
50%
más
50%
merece
50%
miedos
50%
mundo
50%
nos
50%
odiando
50%
pare
50%
pasé
50%
perdido
50%
pidiendo
50%
podré
50%
Preguntándole
50%
protege
50%
queda
50%
quien
50%
rencor
50%
será
50%
sin
50%
sol
50%
todo
50%
trabajo
50%
van
50%
venganza
50%
Busqué
38%
calor
38%
diablo
38%
frenar
38%
frío
38%
fuerte
38%
fuerzas
38%
hoy
38%
musa
38%
música
38%
orgullo
38%
para
38%
pienso
38%
pistolas
38%
pregunto
38%
saco
38%
salvado
38%
traspasa
38%
vale
38%
valor
38%
visita
38%
corta
25%
Gotas
25%
importa
25%
lluvia
25%
pasado
25%
presente
25%
saludo
25%
soporta
25%
ver
25%
aquel
13%
cara
13%
chocan
13%
cicatrices
13%
cruzo
13%
darte
13%
demasiado
13%
derecha
13%
despertar
13%
días
13%
estas
13%
estos
13%
existe
13%
felices
13%
hice
13%
hostia
13%
mejor
13%
milagro
13%
mirada
13%
Miro
13%
pensé
13%
quedo
13%
recuerdo
13%
rendirme
13%
Sufrimos
13%
triunfar
13%
veas
13%
ventana
13%
No se encontraron pruebas coincidentes
Distribución de puntuación
Porcentaje de gente con cada puntuación
Porcentaje por número respondido
Historial de tus puntuaciones
No has intentado esta prueba.